000 01315 a2200241 4500
001 29266
005 20260407155601.0
008 260407a1984 arg spa d
003 AR-UNSa-BCEJYS
040 _aAR-UNSa-BCEJYS
_bspa
_cAR-UNSa-BCEJYS
080 _a657(083.74)
_xNormas Contables
245 1 0 _aPrincipios y normas contables en la Argentina
020 _a950-9109-27-4
264 1 _aBuenos Aires :
_bTesis
_c1984
300 _a445 p.
_c22 cm.
505 _aParte I: Los problemas fundamentales: 1. Los alcances del problema - 2. Contabilidad y estados contables - 3. Los sujetos involucrados - 4. Los principios y normas contables -- Parte II: El aspecto institucional: 5. Quiénes elaboran los principios y normas contables - 6. Quiénes ponen en vigencia normas contables -- Parte III: Principios y normas vigentes: 7. Principios y normas contables de valuación - 8. Principios y normas contables -- Parte IV: Opinión de los autores: 9. Opinión de los autores -- Parte V: Respuestas a los autores
041 _aspa
942 _cBK
590 _aniveau_biblio:m niveau_hierar:0
100 1 _aGarcía, Sergio O.
700 1 _aMattera, Miguel A.
856 4 1 _uhttps://biblioeco.unsa.edu.ar/pmb/images/libros/Principios y Normas Contables en la Argentina-l44297.jpg
_yImagen de portada
_qimage/jpeg
999 _c1818
_d1818